[Event "Bayern-ch"]
[Site "Rosenheim"]
[Date "2017.08.26"]
[Round "9"]
[White "Golder, Waldemar"]
[Black "Walter, Thomas"]
[Result "1-0"]
[WhiteElo "2081"]
[BlackElo "2160"]
[PlyCount "119"]
[EventDate "2017.08.20"]
[EventType "swiss"]
[EventRounds "9"]
[EventCountry "GER"]
[SourceTitle "EXT 2019"]
[Source "ChessBase"]
[SourceDate "2018.10.10"]
[SourceVersion "1"]
[SourceVersionDate "2018.10.10"]
[SourceQuality "1"]

1. c4 e6 2. Nf3 d5 3. g3 Nf6 4. Bg2 Bd6 5. 0-0 0-0 6. d4 c6 7. Nbd2 Nbd7 8. Qc2 e5 9. cxd5 Nxd5 10. Nc4 Qc7 11. Nxd6 Qxd6 12. Rd1 exd4 13. Rxd4 Qg6 14. Qxg6 hxg6 15. e4 N5f6 16. Ng5 Nc5 17. Be3 Ne6 18. Rb4 a5 19. Nxe6 axb4 20. Nxf8 Kxf8 21. Bc5+ Ke8 22. Bxb4 Be6 23. a3 Rd8 24. Re1 Bb3 25. Bf3 g5 26. Bc3 Ke7 27. Re3 Bd1 28. h3 g4 29. hxg4 Nxg4 30. Bxg4 Bxg4 31. Bxg7 Rd1+ 32. Kg2 f6 33. Rb3 b5 34. Bh6 Be2 35. Rc3 Bf1+ 36. Kf3 Rd3+ 37. Rxd3 Bxd3 38. Ke3 Bf1 39. f3 c5 40. Kf2 Bc4 41. Be3 Kd6 42. g4 Bf7 43. g5 fxg5 44. Bxg5 Bb3 45. Be3 Bc2 46. Bf4+ Ke6 47. Ke3 Bd1 48. Bh6 b4 49. axb4 cxb4 50. f4 b3 51. f5+ Kf7 52. Kf4 Bc2 53. e5 Bd3 54. e6+ Kf6 55. Bg5+ Kg7 56. Ke5 Kf8 57. f6 Bg6 58. f7 Bxf7 59. exf7 Kxf7 60. Kd4 1-0

[Event "Pfarrkirchen Rottal op 1st"]
[Site "Pfarrkirchen"]
[Date "2017.04.17"]
[Round "6"]
[White "Reinhardt, Bernd"]
[Black "Golder, Waldemar"]
[Result "1-0"]
[WhiteElo "2216"]
[BlackElo "2072"]
[PlyCount "89"]
[EventDate "2017.04.14"]
[EventType "swiss"]
[EventRounds "7"]
[EventCountry "GER"]
[SourceTitle "CBM 177 Extra"]
[Source "ChessBase"]
[SourceDate "2017.04.27"]
[SourceVersion "1"]
[SourceVersionDate "2017.04.27"]
[SourceQuality "1"]

1. g3 c5 2. Bg2 g6 3. e4 Bg7 4. f4 Nc6 5. Nf3 e6 6. 0-0 Nge7 7. d3 0-0 8. Nbd2 d6 9. a4 Rb8 10. Nc4 d5 11. Ne3 b6 12. e5 Bd7 13. g4 f6 14. exf6 Rxf6 15. Ng5 Qf8 16. Nh3 Rf7 17. c3 h6 18. Kh1 Kh7 19. Qe1 d4 20. Nc4 Nd5 21. Bd2 Re8 22. Rc1 Nf6 23. Qh4 Kg8 24. g5 Nh5 25. Be4 Rf5 26. gxh6 Bxh6 27. Rg1 Kh7 28. Qg4 Qf6 29. Nd6 Re7 30. Qg2 Na5 31. Nxf5 exf5 32. Bf3 Rg7 33. Bd5 Nc6 34. Rce1 Ne7 35. Bf3 Bxa4 36. Ra1 Bc2 37. Qe2 a5 38. Rae1 Ba4 39. Ng5+ Kh8 40. Qe6 Qxe6 41. Rxe6 Bxg5 42. fxg5 Bb3 43. Rxb6 Bd5 44. Kg2 Kh7 45. c4 1-0

[Event "Bayern-ch"]
[Site "Bad Griesbach"]
[Date "2016.08.22"]
[Round "3"]
[White "Golder, Waldemar"]
[Black "Braun, Thomas1111"]
[Result "1/2-1/2"]
[WhiteElo "2078"]
[BlackElo "2168"]
[PlyCount "96"]
[EventDate "2016.08.21"]
[EventType "swiss"]
[EventRounds "9"]
[EventCountry "GER"]
[SourceTitle "EXT 2022"]
[Source "ChessBase"]
[SourceDate "2021.10.06"]
[SourceVersion "1"]
[SourceVersionDate "2021.10.06"]
[SourceQuality "1"]

1. e4 e6 2. d4 d5 3. Nd2 Nf6 4. e5 Nfd7 5. Bd3 c5 6. c3 Nc6 7. Ne2 cxd4 8. cxd4 f6 9. exf6 Nxf6 10. 0-0 Bd6 11. Nf3 Qc7 12. Nc3 a6 13. Bg5 0-0 14. Rc1 h6 15. Bh4 Nh5 16. Bb1 Qf7 17. Qd3 g5 18. Bg3 Nf4 19. Qe3 Qf6 20. Rce1 Qg7 21. Na4 Bb4 22. Rc1 Bd7 23. a3 Bd6 24. Nc5 Bxc5 25. Rxc5 Nxd4 26. Nxd4 Qxd4 27. Qxd4 Ne2+ 28. Kh1 Nxd4 29. Rc7 Rf7 30. Rxb7 Bb5 31. Rxf7 Kxf7 32. Rc1 Bc4 33. Re1 Nc6 34. Bc2 Rc8 35. Bd1 Bd3 36. h4 Kf6 37. Ba4 Bb5 38. Bb3 Na5 39. hxg5+ hxg5 40. Be5+ Kf7 41. Bd1 Nc6 42. Bg4 Bd3 43. Bc3 Bf5 44. Bxf5 exf5 45. Kg1 d4 46. Bd2 Kf6 47. Rc1 f4 48. Kf1 Ne7 1/2-1/2

[Event "Bayern-ch"]
[Site "Rosenheim"]
[Date "2015.08.27"]
[Round "8"]
[White "Golder, Waldemar"]
[Black "Heimrath, Reiner"]
[Result "0-1"]
[WhiteElo "2009"]
[BlackElo "2213"]
[PlyCount "100"]
[EventDate "2015.08.22"]
[EventType "swiss"]
[EventRounds "9"]
[EventCountry "GER"]
[SourceTitle "EXT 2019"]
[Source "ChessBase"]
[SourceDate "2018.10.10"]
[SourceVersion "1"]
[SourceVersionDate "2018.10.10"]
[SourceQuality "1"]

1. e4 b6 2. d4 Bb7 3. Bd3 e6 4. c3 c5 5. Ne2 d6 6. 0-0 Nf6 7. Nd2 Be7 8. f4 cxd4 9. cxd4 0-0 10. Kh1 Nc6 11. a3 a5 12. Nf3 Ba6 13. Bxa6 Rxa6 14. Qd3 Ra8 15. Nc3 Nd7 16. Be3 Na7 17. Rfc1 Re8 18. Rc2 Qb8 19. Nb5 Nxb5 20. Qxb5 Nf6 21. Nd2 Qb7 22. Rc6 Rab8 23. Rac1 Rec8 24. h3 Rxc6 25. Rxc6 Qd7 26. a4 Bd8 27. b3 d5 28. e5 Ne8 29. Rc2 Qxb5 30. axb5 Nc7 31. Kg1 Nxb5 32. Kf1 Kf8 33. Ke2 Ke8 34. Nf3 Kd7 35. Kd3 Rc8 36. Bc1 Rxc2 37. Kxc2 Be7 38. Bb2 Na7 39. Nd2 Kc6 40. Nb1 b5 41. Bc3 b4 42. Bb2 Kb5 43. Nd2 Nc6 44. Nb1 a4 45. bxa4+ Kxa4 46. Nd2 Na5 47. Kd3 b3 48. g4 Bb4 49. Nf3 Nc4 50. Ba1 Ka3 0-1

[Event "Bayern-ch"]
[Site "Rosenheim"]
[Date "2015.08.23"]
[Round "3"]
[White "Prediger, Rupert"]
[Black "Golder, Waldemar"]
[Result "0-1"]
[WhiteElo "2279"]
[BlackElo "2009"]
[PlyCount "74"]
[EventDate "2015.08.22"]
[EventType "swiss"]
[EventRounds "9"]
[EventCountry "GER"]
[SourceTitle "EXT 2019"]
[Source "ChessBase"]
[SourceDate "2018.10.10"]
[SourceVersion "1"]
[SourceVersionDate "2018.10.10"]
[SourceQuality "1"]

1. e4 c5 2. Nf3 d6 3. d4 cxd4 4. Nxd4 Nf6 5. Nc3 a6 6. Bc4 e6 7. Bb3 b5 8. 0-0 Be7 9. Qe2 0-0 10. f4 b4 11. Nd1 d5 12. e5 Ne4 13. Be3 Bd7 14. Nf2 Nc5 15. Ng4 Nc6 16. Nxc6 Bxc6 17. Nf6+ Kh8 18. Qh5 gxf6 19. Rf3 Rg8 20. Rh3 Rg7 21. exf6 Bxf6 22. Bxc5 Bxb2 23. Re1 Qf6 24. Qh4 Bd4+ 25. Bxd4 Qxd4+ 26. Qf2 Qxf2+ 27. Kxf2 Rag8 28. g3 a5 29. c3 bxc3 30. Ke3 Rc8 31. Bc2 Bb5 32. Rb1 Bc4 33. a3 f6 34. Rh6 Rf7 35. Kd4 a4 36. Rb6 Bb3 37. Kd3 e5 0-1

[Event "Niederbayern-ch"]
[Site "Regen"]
[Date "2015.06.18"]
[Round "2"]
[White "Stadler, Alexander"]
[Black "Golder, Waldemar"]
[Result "0-1"]
[WhiteElo "2060"]
[BlackElo "1897"]
[PlyCount "120"]
[EventDate "2015.06.18"]
[EventType "swiss"]
[EventRounds "7"]
[EventCountry "GER"]
[SourceTitle "EXT 2023"]
[Source "ChessBase"]
[SourceDate "2022.10.05"]
[SourceVersion "1"]
[SourceVersionDate "2022.10.05"]
[SourceQuality "1"]

1. d4 d5 2. Nf3 Nf6 3. c4 c6 4. e3 Bf5 5. Nc3 e6 6. Nh4 Bg6 7. Qb3 Qc7 8. Bd2 Nbd7 9. Rc1 Qb6 10. Nxg6 hxg6 11. Qc2 Be7 12. Be2 Rc8 13. c5 Qc7 14. f4 Nh5 15. 0-0 f5 16. g4 Nhf6 17. g5 Ng8 18. b4 a6 19. Rf2 Bd8 20. a4 Ra8 21. b5 axb5 22. axb5 Qc8 23. Qb2 Ne7 24. b6 Kf7 25. Rg2 Qb8 26. Kf2 Nc8 27. Rh1 Rh3 28. Rg3 Rh4 29. h3 Be7 30. Rc1 Bf8 31. Qb3 Rh8 32. Na4 Ne7 33. Rh1 Rh4 34. Rf3 Nc8 35. Kg3 Rh7 36. h4 Ne7 37. Kf2 Kg8 38. Rfh3 Qd8 39. Qd1 Qb8 40. h5 gxh5 41. Bxh5 g6 42. Be2 Rxh3 43. Rxh3 Bg7 44. Bb4 Kf7 45. Nc3 Qg8 46. Rh1 Qb8 47. Qb1 Bxd4 48. exd4 Qxf4+ 49. Ke1 Qxd4 50. Nd1 e5 51. Rh7+ Ke6 52. Rh1 Ra4 53. Bc3 Qxc5 54. Qd3 Nxb6 55. Qg3 d4 56. Bd2 Ra3 57. Qf2 Nbd5 58. Rh6 Qc2 59. Rh7 Ra2 60. Bf3 e4 0-1

[Event "Niederbayernliga 1213"]
[Site "Bayern"]
[Date "2013.??.??"]
[Round "7"]
[White "Neumann, Daniel"]
[Black "Golder, Waldemar"]
[Result "1-0"]
[WhiteElo "1769"]
[BlackElo "1899"]
[PlyCount "133"]
[EventDate "2012.10.14"]
[EventType "team-tourn"]
[EventRounds "9"]
[EventCountry "GER"]
[SourceTitle "EXT 2023"]
[Source "ChessBase"]
[SourceDate "2022.10.05"]
[SourceVersion "1"]
[SourceVersionDate "2022.10.05"]
[SourceQuality "1"]
[WhiteTeam "Schaibing"]
[BlackTeam "Ergolding"]
[WhiteTeamCountry "GER"]
[BlackTeamCountry "GER"]

1. d4 d5 2. e3 Nf6 3. Bd3 e6 4. Nd2 Bd6 5. f4 b6 6. Ngf3 Bb7 7. Ne5 0-0 8. Qf3 Qe7 9. g4 Nfd7 10. g5 Bxe5 11. dxe5 Nc5 12. Bxh7+ Kxh7 13. Qh5+ Kg8 14. Rg1 g6 15. Qh6 Rd8 16. Rg4 Qf8 17. Qh3 Nc6 18. Rh4 Qg7 19. Nf3 Ne7 20. Nd4 a6 21. b4 Ne4 22. Ba3 c6 23. 0-0-0 Nf2 24. Nxe6 Nxh3 25. Nxg7 Nf2 26. Rf1 Kxg7 27. Rxf2 Nf5 28. Rh3 Bc8 29. e6 fxe6 30. Bb2+ d4 31. exd4 e5 32. d5 Rxd5 33. c4 Rd4 34. Bxd4 exd4 35. c5 Rb8 36. Rb3 Be6 37. Rbb2 b5 38. Rfe2 Kf7 39. a3 Rd8 40. Rbd2 Rd7 41. Re4 Bd5 42. Re5 Bb3 43. Rd3 Bc4 44. Rh3 Kg7 45. Re8 d3 46. Kd2 Nd4 47. Ree3 Ne2 48. Rh4 Nc3 49. Re1 Bb3 50. Rh3 Bc2 51. Kxc3 d2 52. Re7+ Rxe7 53. Kxc2 Rd7 54. Kd1 Rd4 55. Rf3 a5 56. bxa5 Ra4 57. Kxd2 Rxa5 58. Rd3 Ra4 59. Ke3 Rc4 60. Rd7+ Kf8 61. Rd6 Rxc5 62. Rxg6 Kf7 63. Rf6+ Ke7 64. h4 Rc3+ 65. Kd4 Rh3 66. h5 Rxh5 67. Rh6 1-0

[Event "Niederbayern-ch"]
[Site "Mamming"]
[Date "2011.03.12"]
[Round "5"]
[White "Haselbeck, Franz"]
[Black "Golder, Waldemar"]
[Result "1/2-1/2"]
[WhiteElo "1966"]
[BlackElo "1824"]
[PlyCount "74"]
[EventDate "2011.03.10"]
[EventType "swiss"]
[EventRounds "7"]
[EventCountry "GER"]
[SourceTitle "EXT 2023"]
[Source "ChessBase"]
[SourceDate "2022.10.05"]
[SourceVersion "1"]
[SourceVersionDate "2022.10.05"]
[SourceQuality "1"]

1. Nf3 Nf6 2. g3 d5 3. Bg2 c6 4. 0-0 Bg4 5. d3 Nbd7 6. Nbd2 e5 7. h3 Bh5 8. Qe1 Bc5 9. e4 dxe4 10. dxe4 0-0 11. Nc4 Re8 12. b4 Bb6 13. Nd6 Re6 14. Nf5 Qc7 15. Ng5 Ree8 16. Bb2 a5 17. a3 Rad8 18. c4 c5 19. b5 h6 20. Nf3 Bxf3 21. Bxf3 Nf8 22. Qc3 Ne6 23. Ne3 Nd4 24. Nd5 Nxd5 25. exd5 e4 26. Bd1 f5 27. Bc1 Qe7 28. Qe3 Bc7 29. Bh5 f4 30. gxf4 Rf8 31. Qg3 Qf6 32. Be3 Bxf4 33. Bxf4 Qxf4 34. Qxf4 Rxf4 35. Rae1 Rd6 36. Kg2 b6 37. Re3 Nf5 1/2-1/2

[Event "Niederbayern-ch"]
[Site "Mamming"]
[Date "2011.03.10"]
[Round "2"]
[White "Golder, Waldemar"]
[Black "Mueller, Michael3333"]
[Result "1/2-1/2"]
[WhiteElo "1824"]
[BlackElo "2008"]
[PlyCount "37"]
[EventDate "2011.03.10"]
[EventType "swiss"]
[EventRounds "7"]
[EventCountry "GER"]
[SourceTitle "EXT 2023"]
[Source "ChessBase"]
[SourceDate "2022.10.05"]
[SourceVersion "1"]
[SourceVersionDate "2022.10.05"]
[SourceQuality "1"]

1. c4 d6 2. Nc3 g6 3. g3 Bg7 4. Bg2 e5 5. e4 Nd7 6. Nge2 Ne7 7. 0-0 0-0 8. d3 c6 9. Be3 f5 10. f4 Nf6 11. h3 Be6 12. b3 Qc7 13. Rc1 Bf7 14. Qd2 Rad8 15. Rfd1 Qb8 16. Kh2 Rfe8 17. Qc2 Bh6 18. Qd2 Bg7 19. Rc2 1/2-1/2